| 000 | 00854nam a22002417a 4500 | ||
|---|---|---|---|
| 999 |
_c64746 _d64746 |
||
| 005 | 20240530110748.0 | ||
| 008 | 181208s2018 a g b 000 0 ara d | ||
| 017 |
_a2014/25006 _bمصر. دار الكتب |
||
| 020 | _a9789776504462 | ||
| 040 |
_aEG-CaGPL _cEG-CaGPL |
||
| 082 | 0 | 4 |
_221 _a342.052 \ _bس ا |
| 100 | 0 | _aسيد محمد بيومى فودة | |
| 245 | 1 | 2 |
_aالاستجواب البرلمانى : _bدراسة تحليلية / _cسيد محمد بيومى فودة . |
| 250 | _aط.1 | ||
| 260 |
_aالقاهرة : _c2017 . |
||
| 300 |
_a323 ص. ؛ _c24 سم. |
||
| 504 | _aيشتمل على ارجاعات ببليوجرافية | ||
| 650 | 0 | 7 |
_2qrmak _aالسلطة التنفيذية |
| 650 | 0 | 7 | _aالاستجواب البرلمانى |
| 651 | _2qrmak | ||
| 942 |
_2ddc _cBK |
||